Click Quiz: Xenophobia by Country - Statistics

General Stats
  • This quiz has been taken 75 times
  • The average score is 31 of 36
Answer Stats
Hint Answer % Correct
Russia Russophobia
98%
Vietnam Vietnamophobia
98%
Armenia Armenophobia
96%
Croatia Croatophobia
96%
Italy Italophobia
96%
Pakistan Pakophobia
96%
Romania Romanophobia
96%
Serbia Serbophobia
96%
Turkey Turcophobia
96%
Chile Chilenophobia
94%
Israel Israelophobia
94%
Poland Polonophobia
94%
Ukraine Ukrainophobia
94%
Finland Fennophobia
92%
India Indophobia
92%
Korea Koryophobia
92%
United States Americanophobia
90%
Australia Australophobia
90%
Spain Hispanophobia
90%
Indonesia Indonesiaphobia
90%
Lithuania Lithuanophobia
90%
England Anglophobia
88%
Netherlands Dutchphobia
88%
Japan Nipponophobia
88%
Albania Albanophobia
86%
Austria Austrophobia
86%
Iran Persophobia
86%
Greece Hellenophobia
84%
Hungary Magyarophobia
76%
China Sinophobia
76%
France Gallophobia
70%
Portugal Lusophobia
60%
Georgia Kartvelophobia
58%
Ireland Hibernophobia
56%
Germany Teutophobia
48%
Scotland Albaphobia
38%
No matching quizzes found
Score Distribution
Percent of People with Each Score
Percentile by Number Answered
Your Score History
You have not taken this quiz